| 000 | 00673nam a2200205 i 4500 | ||
|---|---|---|---|
| 001 | 150772 | ||
| 003 | ES-MaACL | ||
| 005 | 20250311121846.0 | ||
| 007 | t| | ||
| 008 | 071108s1917 fr a |||| | fre d | ||
| 100 | 1 |
_aAublé, Émile. _923812 |
|
| 245 | 1 | 0 |
_aBagdad _b: son chemin de fer, son importance, son avenir / _cÉmile Aublé ; préface de Edouard Herriot. |
| 260 |
_aParis : _bEditions et librairie, _c1917. |
||
| 300 |
_a168 p. : _bil. ; _c24 cm. |
||
| 650 | 4 |
_aFerrocarriles- _zIrak. _9159458 |
|
| 651 | 7 |
_aIrak- _xDescripción _2 _9159918 |
|
| 700 | 0 |
_aHerriot, Edouard, _d1872-1957 _963370 |
|
| 852 |
_aES-MaACL _jF-10697 |
||
| 999 |
_c150772 _d150772 |
||